| 000 | 00580nam a22001697a 4500 | ||
|---|---|---|---|
| 999 |
_c59300 _d59301 |
||
| 005 | 20230116122129.0 | ||
| 008 | 230116c2022 enk||||| |||| 00| 0 eng d | ||
| 041 | _aeng | ||
| 245 |
_aInternational Journal of American Linguistics : _b2022 / _cEditor : David Beck, Fernando Zuniga. |
||
| 260 |
_aChicago, _c2022. |
||
| 300 |
_aV. _b28 cm. |
||
| 653 | _aლინგვისტიკა | ||
| 653 | _aპერიოდიკა | ||
| 700 |
_aBeck, David _eრედაქტორი _95279 |
||
| 700 |
_aZuniga, Fernando _eრედაქტორი _916675 |
||
| 942 |
_2udc _cCR |
||